Voyage frontalier #1 - Statistiques

Statistiques générales
  • Ce quiz a été pris 241 fois
    205 depuis la dernière actualisation
  • Le résultat moyen est 13 sur 20
Réponses sur la Carte
Les réponses sont colorées sur une échelle allant du rouge au vert en fonction du pourcentage des utilisateurs qui les ont devinées à leur premier essai. Vous pouvez retrouver ces pourcentages ci-dessous.
 
Statistiques - réponses
Vatican % Correct
Italie
100%
Suisse
94%
Liechtenstein
82%
Allemagne
80%
Autriche
80%
Danemark
77%
Canada
58%
Etats Unis
58%
Mexique
58%
Bolivie
57%
Brésil
57%
Colombie
57%
Panama
57%
Venezuela
57%
Guatemala
56%
Honduras
56%
Argentine
55%
Belize
55%
Costa Rica
55%
Nicaragua
55%
Aucun quiz correspondant
Distribution des résultats
% des personnes avec chaque résultat
Percentile par nombre de réponses
Votre historique - résultats
Vous n’avez pas pris ce quiz depuis la dernière actualisation